Munkahelyi stressz kezelése, módszerek és stratégiák egy autóipari vállalat termelés támogató területeinek középvezetői körében
| Szerző: | |
|---|---|
| További közreműködők: | |
| Dokumentumtípus: | Záródolgozat |
| Kulcsszavak: | munkahelyi viszonyok munkakörnyezet stressz stresszkezelés vezetők |
| Online Access: | http://dolgozattar.uni-bge.hu/59899 |
MARC
| LEADER | 00000nta a2200000 i 4500 | ||
|---|---|---|---|
| 001 | dolg59899 | ||
| 005 | 20260409145722.0 | ||
| 008 | 260409suuuu hu o 000 hun d | ||
| 040 | |a BGE Dolgozattár Repozitórium |b hun | ||
| 041 | |a hu | ||
| 100 | 1 | |a Sulyok Katalin | |
| 245 | 1 | 0 | |a Munkahelyi stressz kezelése, módszerek és stratégiák egy autóipari vállalat termelés támogató területeinek középvezetői körében |c Sulyok Katalin |h [elektronikus dokumentum] |
| 516 | |a Final_paper | ||
| 520 | 3 | |a Szakdolgozatomban bemutatom egy autóipari nagyvállalat indirekt területen dolgozó vezetőinek stresszkezelési módszereit és stratégiáit. Az első nagyobb szakaszban, az elméleti áttekintésben az olvasó megismerkedhet a stressz elméleti alapfogalmaival, megküzdési stratégiákkal, a reziliencia szerepével és fontosságával. A későbbiekben egy nagyobb fejezetet szentelek a munkahelyi stressznek, ahol bemutatom a szervezeten belüli és azon kívüli stresszorokat, különféle munkahelyi stressz modelleket, majd a stressz következményeit taglalom. A második részben a kérdőíves kutatásom eredményeit tárom az olvasó elé, amelyben a vezetői réteg által adott válaszokat a közvetlen beosztottaik válaszaival hasonlítom össze és elemzem. Végül javaslatokat fogalmazok meg a stressz csökkentése és a dolgozói jóllét növelése érdekében. | |
| 695 | |a munkahelyi viszonyok | ||
| 695 | |a munkakörnyezet | ||
| 695 | |a stressz | ||
| 695 | |a stresszkezelés | ||
| 695 | |a vezetők | ||
| 700 | 1 | |a Thuma Dr. Orsolya Klára |e ths | |
| 856 | 4 | 0 | |u http://dolgozattar.uni-bge.hu/59899/1/Sulyok%20Katalin_szakdolgozat_2025_v%C3%A9gleges.pdf |z Dokumentum-elérés |
| 856 | 4 | 0 | |u http://dolgozattar.uni-bge.hu/59899/2/BA%20KM%20magyar%20b%C3%ADr%C3%A1lati%20lap%20K%C3%9CLS%C5%90%20Sulyok%20Katalin.pdf |z Dokumentum-elérés |
| 856 | 4 | 0 | |u http://dolgozattar.uni-bge.hu/59899/3/Sulyok%20Katalin%20B%C3%ADr%C3%A1lat%20MH.pdf |z Dokumentum-elérés |